000 00454nam a2200181 a 4500
001 2690
003 CO-ViMGA
008 141112s2004 ck r 000 u spa d
040 _aCO-ViMGA
_bspa
_cCO-ViMGA
082 0 4 _a304.5 B452
100 1 _aBinger, Eugene
_951722
245 1 0 _aLa genética de las poblaciones
260 _aBarcelona :
_bOikos - tau,
_c1970
300 _a128 p
490 _aQue se?, 4
650 1 4 _aGENética
_94075
942 _2ddc
_cBK
999 _c14765
_d14765